Naniwa no nigiwai /

Saved in:
Bibliographic Details
Other Authors: Harada, Tomohiko, 1917-1983.
Format: Book
Language:Japanese
Published: Tōkyō : Kashiwa Shobō, 1981.
Series:Chōnin bunka hyakka ronshū ; dai 5-kan.
Subjects:
Tags: Add Tag
No Tags, Be the first to tag this record!
LEADER 01108nam a2200313 a 4500
001 007721849-3
005 20024617115958.0
008 900508s1981 ja a b 000 0 jpn
010 |a 82803508 /AJ 
015 |a Ja*** 
035 0 |a ocm21494392 
040 |a DLC  |c CLU  |d *YNH*  |d CStRLIN 
043 |a a-ja--- 
050 0 |a DS897.O815  |b N36 1981 
245 0 0 |6 880-01  |a Naniwa no nigiwai /  |c Harada Tomohiko hen. 
260 |6 880-02  |a Tōkyō :  |b Kashiwa Shobō,  |c 1981. 
300 |a 12, [5], 252 p. :  |b ill. ;  |c 22 cm. 
490 1 |6 880-03  |a Chōnin bunka hyakka ronshū ;  |v dai 5-kan 
504 |a Bibliography: p. [5] (2nd group) 
651 0 |a Osaka (Japan)  |x Civilization  |y 1600-1868. 
700 1 |6 880-04  |a Harada, Tomohiko,  |d 1917-1983. 
880 0 0 |6 245-01  |a 浪花のにぎわい /  |c 原田伴彥編. 
880 |6 260-02  |a 東京 :  |b 柏書房,  |c 1981. 
880 1 |6 490-03  |a 町人文化百科論集 ;  |v 第5卷 
880 1 |6 700-04  |a 原田伴彥,  |d 1917- 
830 0 |6 880-53  |a Chōnin bunka hyakka ronshū ;  |v dai 5-kan. 
880 0 |6 830-53  |a 町人文化百科論集 ;  |v 第5卷. 
988 |a 20021214 
906 |0 DLC